000 00940nam0a22003011 4500
001 RU\INGAK2\INFOCOMM_322\NLR\5000132361
005 20250810071850.0
010 _95000 экз.
_d65 k.
035 _a(NLR Aleph) 011030086
090 _a13328905
_c13328905
100 _a20130109d1941 u y0rusy50 ca
101 0 _apol
102 _aBY
105 _ay z||||
200 1 _aNa Międzynarodowy dzień robotnic
_e[Zbiorek]
210 _aMińsk
_cWyd-wo państw. przy RKL BSRR
_d1941
215 _a64 s.
_d20 см
606 0 _aМеждународный день работниц
_2nlr_sh1
620 _aМинск
686 _aМ-л138
_2rubbk
700 1 _aLenin
_bV. I.
_f1870-1924
_gVladimir Il'ič
801 1 _aRU
_bInfoComm
_c20130109
801 0 _aRU
_bNLR
_gPSBO
852 _aNLR
_jЛ 118-Сб/12-2
_y2 экз.
942 _cBOOK
945 _aРоссийская национальная библиотека
980 _aBV
980 _aNB